000 00289nam a22001337a 4500
008 170715b xxu||||| |||| 00| 0 eng d
020 _a0804717923
041 _aeng
080 _a572
100 _a24
101 _aANT
245 _aCULTURE THROUGH TIME
_cTIERNEY, E.O
942 _2udc
_cBK
999 _c21089
_d21089